Next generation wireless applications (Record no. 8244)
[ view plain ]
| 000 -LEADER | |
|---|---|
| fixed length control field | 00689 a2200145 4500 |
| 020 ## - INTERNATIONAL STANDARD BOOK NUMBER | |
| International Standard Book Number | 0470869860 |
| 040 ## - CATALOGING SOURCE | |
| Original cataloging agency | DLC |
| Language of cataloging | DLC |
| 100 1# - MAIN ENTRY--PERSONAL NAME | |
| Personal name | Golding, Paul, |
| 245 00 - TITLE STATEMENT | |
| Title | Next generation wireless applications |
| Statement of responsibility, etc. | Paul Golding. |
| 260 ## - PUBLICATION, DISTRIBUTION, ETC. | |
| Place of publication, distribution, etc. | New York ; |
| -- | Chichester : |
| Name of publisher, distributor, etc. | Wiley, |
| Date of publication, distribution, etc. | 2004. |
| 300 ## - PHYSICAL DESCRIPTION | |
| Extent | xxiii, 563 p. : |
| Other physical details | ill., maps ; |
| Dimensions | 26 cm. |
| 520 1# - SUMMARY, ETC. | |
| Summary, etc. | "Written for strategists, managers, consultants and engineers, this book is also a practitioner's toolkit giving up-to-date information on accurate location-finding, interesting Java variants, smarter devices, useful protocols and many other mega-components."--BK JACKET. |
| 650 #0 - SUBJECT ADDED ENTRY--TOPICAL TERM | |
| Topical term or geographic name entry element | Wireless communication systems. |
| 942 ## - ADDED ENTRY ELEMENTS (KOHA) | |
| Koha item type | Book |
| Call number prefix | 621.3821 GOL |
| Source of classification or shelving scheme | |
| Withdrawn status | Lost status | Damaged status | Not for loan | Collection code | Permanent Location | Current Location | Shelving location | Date acquired | Source of acquisition | Cost, normal purchase price | Total Checkouts | Full call number | Barcode | Date last seen | Price effective from | Koha item type |
|---|---|---|---|---|---|---|---|---|---|---|---|---|---|---|---|---|
| Central Library (CL) | Central Library (CL) | General Stacks | 06/12/2006 | A&J DEF Tek Consultant | 6745.14 | 621.3821 GOL | SEECS007439 | 11/14/2012 | 01/05/2017 | Book |
